000 00914nam0a2200277 4500
001 RU\NLR\BIBL_A\022461609
005 20250806203405.0
035 _a(NLR Aleph) 022461609
090 _a81510
_c81510
100 _a20250218d1942 m y0rusy50 ca
101 0 _auzb
102 _aUZ
105 _aba z 001 y
181 0 _ai
_baxxe
182 0 _an
200 1 _aТопографияни бил
_e[Пер. с рус.]
_fД. Шебалин
203 _aТекст
_bвизуальный
_cнепосредственный
210 _aТошкент
_cЎзССР давлат нашриёти
_d1942
215 _a40 с
_cил. карты
_d21,5 см
541 1 _aЗнай топографию
_zrus
700 1 _aШебалин
_bД.
_4070
852 _aNLR
_bОНЛ
_jУзбек./3-1099
942 _cBOOK
945 _aРоссийская национальная библиотека
980 _aBV